Arvācīnaṃ jyotirvijñānam. (Record no. 75737)

MARC details
000 -LEADER
fixed length control field 00755cam a22002411 4500
001 - CONTROL NUMBER
control field sa 67006164
003 - CONTROL NUMBER IDENTIFIER
control field DLC
005 - DATE AND TIME OF LATEST TRANSACTION
control field 20260227112404.0
008 - FIXED-LENGTH DATA ELEMENTS--GENERAL INFORMATION
fixed length control field 891101s1964 ii a b 000 0 sano
010 ## - LIBRARY OF CONGRESS CONTROL NUMBER
LC control number sa 67006164
035 ## - SYSTEM CONTROL NUMBER
System control number (OCoLC)20581819
040 ## - CATALOGING SOURCE
Original cataloging agency DLC
Transcribing agency WaU
Modifying agency DLC
042 ## - AUTHENTICATION CODE
Authentication code premarc
050 00 - LIBRARY OF CONGRESS CALL NUMBER
Classification number QB45
Item number .S3
100 1# - MAIN ENTRY--PERSONAL NAME
Personal name Sahāya, Rāmanātha.
245 10 - TITLE STATEMENT
Title Arvācīnaṃ jyotirvijñānam.
260 ## - PUBLICATION, DISTRIBUTION, ETC.
Place of publication, distribution, etc. Kashipur,
Name of publisher, distributor, etc. Director, Research Institute, Varanaseya Sanskrit Vishvavidyalaya,
Date of publication, distribution, etc. [1964]
300 ## - PHYSICAL DESCRIPTION
Extent 14, 319 p.
Other physical details illus.
Dimensions 25 cm.
410 20 - SERIES STATEMENT/ADDED ENTRY--CORPORATE NAME [OBSOLETE, CAN/MARC], [LOCAL, USA]
Corporate name or jurisdiction name as entry element Varanaseya Sanskrit Viswavidyalaya.
Subordinate unit Research Institue.
Title of a work Sampūrnānanda-granthamāla,
Volume number/sequential designation 4
500 ## - GENERAL NOTE
General note In Sanskrit.
500 ## - GENERAL NOTE
General note Bibliographical footnotes.
650 #0 - SUBJECT ADDED ENTRY--TOPICAL TERM
Topical term or geographic name entry element Astronomy.

No items available.

Powered by Koha